|
|
|
|
| LEADER |
01292nam a2200277 i 4500 |
| 001 |
c000307845 |
| 003 |
CARM |
| 005 |
00000000000000.0 |
| 008 |
840316s1947 nyu 0 eng d |
| 019 |
1 |
|
|a 69847656
|5 LACONCORD2021
|
| 035 |
|
|
|a (OCoLC)644453
|5 LACONCORD2021
|
| 082 |
0 |
4 |
|a 616.83
|
| 100 |
1 |
|
|a Strauss, Alfred A.
|
| 245 |
1 |
0 |
|a Psychopathology and education of the brain-injured child /
|c by Alfred A. Strauss and Laura E. Lehtinen.
|
| 260 |
|
|
|a New York :
|b Grune & Stratton,
|c 1947-55.
|
| 300 |
|
|
|a 2 v. :
|b illus.
|
| 500 |
|
|
|a Vol. 2, by A.A. Strauss and N.C. Kephart in collaboration with L.E. Lehtinen and S. Goldenberg, has also special title: Progress in theory and clinic.
|
| 650 |
|
0 |
|a Brain
|x Wounds and injuries.
|
| 650 |
|
0 |
|a Brain-damaged children
|x Education.
|
| 700 |
1 |
|
|a Lehtinen, Laura E.,
|d 1908-
|
| 700 |
1 |
|
|a Kephart, Newell C.
|q (Newell Carlyle),
|d 1911-1973.
|
| 852 |
8 |
|
|b CARM
|h A2:AB31H0
|i B10694
|p 0504119
|f BK
|
| 852 |
8 |
|
|b CARM
|h A2:AB31H0
|i B10694
|p 0504108
|f BK
|
| 999 |
f |
f |
|i bee73bdc-175d-5020-ac1c-d8eb47578892
|s 6142f97a-1739-50b8-ab3d-4ce9a614fdda
|
| 952 |
f |
f |
|p Can circulate
|a CAVAL
|b CAVAL
|c CAVAL
|d CARM 1 Store
|e B10694
|f A2:AB31H0
|h Other scheme
|i book
|m 0504108
|
| 952 |
f |
f |
|p Can circulate
|a CAVAL
|b CAVAL
|c CAVAL
|d CARM 1 Store
|e B10694
|f A2:AB31H0
|h Other scheme
|i book
|m 0504119
|